Guess the song from Jala Brat and Buba Corelli by text #6 - Statistics

General Stats
  • This quiz has been taken 18 times
  • The average score is 10 of 30
Answer Stats
Hint Answer % Correct
Želi mene da zajebe, al' je jebe cijeli band Ona svima dobro stoji, baš kô Rollie President.... Bass
75%
A ti opet si nevjerna, duša ti sjeverna Bez truni kremena zapališ grad.... Blaka blaka
75%
Oči ti Vendetta, tijelo ti Veneno Takva kad sebe da, to je bezvremeno.... Tec-9
75%
Adrenalin joj proradio, Emporio, Armani Code 150 gradi bro, pogled koji me žari, oh.... Babylon
67%
Vama ravama rampa, mahala nam kô Tampa Sluša nas tvoja mala, plus svako nas auto bumpa.... Military
67%
U noći da l' si sama, da l' ti zvijezde sjaje? I kaži, da l' te iko volio ko ja?.... Kehlani
58%
Nemoj kočit', ti si Veyron, ti si mamba Tijelo Lucciana Beynon, lupa bamba.... Blokada
50%
Lijepa mlada, voli malo starije A moj život njene su maštarije.... Blur
50%
Kulirala mi fore i vršila mi terore Turirala motore, aktivirala senzore.... Kingston
50%
I svaka je suze pala, a viski Rekao mi je da nekad davno bili smo bliski.... Makarov
50%
Kučkice sad šalju puse, a nekad bile su drske U klubu kad smo, jasno je, žene s nama su vrsne.... Toronto
50%
Želi kodiran tekst, stondiran seks Ozbiljan fleks, nosi proziran veš.... Zatvaranje
50%
Mala vraća flašu, pukla braća na nju Ona kô vračara tu, klub kô začaran krug.... Numb
42%
Slide-am s tim džipom malaStage dva, ti sva čipovana.... Roze suze
42%
Njeno dupe debelo meni treba jebeno Vozi me kô Veneno, na bijelo me prenijelo.... Vrati je tati
42%
A sve ruši, mami kô cunami Kako ubija kad uvija, ona me ubija kad ljulja.... Dumdum
33%
Blunt pravi, partija, zapali grad, gori Spusti dupe na pod, zatim vrati ga Cori.... U njoj
33%
Dođi, sam sam, da pričamo malo o tom Jer ja znam šta da dam tvom srcu bolnom.... Bimmer
25%
Poraze ne sabiraj, dođi rane saniraj mi Ruku daj mi, ajmo kući noćas zajedno.... Don Diego (RMX)
25%
Beba vreba centar Audemar U Ray-Ban gleda, mijena manevar.... Sexdrive
17%
A ja ne stajem, kupujem, ljubav sanjam Nemam kada da tugujem, drugu ganjam.... 6 ujutru
8%
Ti i ja na orgazmima božijimStenjak nožni ti složim u vožnji.... Da me ugrijes
8%
Sve je to siva drama, blijedi, gubimo strast Ovdje kad pada pljušti, tu gubim te kao čast.... Jala Brat Interlude
8%
Be-be-bestseller je, pritom bez felera Jet set, level up, ispred vremena.... Kucka mala sebicna
8%
Stihove ti pišem pritome te nježno poljubim Tiho dišem jer ne želim da te probudim.... Hipnotiziran
0%
Ja sam repô u vrijeme kada se nosio FUBUU klubu, hudu i sudu, derem se "Pustite Bubu".... #imamoproblem3
0%
Imam rime preprljave repere pljujem kô šlajmZovi me aDBS repere karam u čmar.... InTrouble
0%
Samo pravi cijene prave, marš s puta kada prolazimoNe mo'š sa nama bare, bare, poslije nastupa si kolabiro.... Noci su hladne
0%
Daj nam kec s šest nula, Jala zvijer šest čulaMala pjesme je čula, ljulja, trese se bulja.... RedEyeka
0%
Budi tih da ti pričam pričuDavno jednom sreli se ljubav i bol.... Uporno i nazor
0%
No matching quizzes found
Score Distribution
Percent of People with Each Score
Percentile by Number Answered
Your Score History
You have not taken this quiz